| 000 | 00729nam a2200301Ia 4500 | ||
|---|---|---|---|
| 005 | 20260401122444.0 | ||
| 008 | 008 250103s9999 xx 000 0 eng d | ||
| 020 | _a978071+083679 | ||
| 037 | _aTB | ||
| 040 | _aEDL | ||
| 040 | _beng | ||
| 040 | _cEDL | ||
| 041 | _2eng | ||
| 041 | _aeng | ||
| 084 | _a069.09MAC | ||
| 084 | _qEDL | ||
| 100 |
_aMackenzie, John M. _9988669 |
||
| 245 | 0 | _aMuseums and empire: Natural history, human cultures and colonial identities | |
| 245 | 0 | _cMackenzie, John M. | |
| 260 | _aMenchester, USA | ||
| 260 | _bMenchester University Press | ||
| 260 | _c2009 | ||
| 300 | _a286p | ||
| 942 | _cTB | ||
| 942 | _h069.09MAC | ||
| 999 |
_c1847393 _d1847393 |
||